Movies Quiz

Random Movies or Director Quiz

Billy Wilder Movies Quiz Stats

 Plays Quiz Updated Jun 22, 2014

     
Support Sporcle.
Go Orange.
Score 0/27 Timer 07:00
2 Plays Today
Year Movie % Correct
1959Some Like It Hot
87.6%
1960The Apartment
81.5%
1950Sunset Blvd.
81.4%
1944Double Indemnity
63.3%
1945The Lost Weekend
53.9%
1953Stalag 17
49.7%
1955The Seven Year Itch
47.7%
1954Sabrina
45.4%
1951Ace in the Hole
44%
1966The Fortune Cookie
43.3%
1963Irma la Douce
40.9%
1961One, Two, Three
40.2%
1957Witness for the Prosecution
39.7%
1974The Front Page
37.8%
Year Movie % Correct
1972Avanti!
37.4%
1981Buddy Buddy
34.2%
1978Fedora
29.7%
1970The Private Life of Sherlock Holmes
28.6%
1957Love in the Afternoon
28.5%
1942The Major and the Minor
28.3%
1964Kiss Me, Stupid
27.2%
1943Five Graves to Cairo
25.1%
1957The Spirit of St. Louis
25.1%
1948A Foreign Affair
23.2%
1948The Emperor Waltz
17.4%
1934Mauvaise graine
15.4%
1945Death Mills
13.1%

From the Vault

Home for the Holidays Logic Puzzle

by ThumbsUpGuy

Holiday 20m
Oh, there's no place like Sporcle for the holidays...
Remove Ads.
Support Sporcle.
Get the best of Sporcle when you Go Orange. This ad-free experience offers more features, more stats, and more fun while also helping to support Sporcle. Thank you for becoming a member.

Show Comments

Extras

Top Quizzes Today


Score Distribution

Your Account Isn't Verified!

In order to create a playlist on Sporcle, you need to verify the email address you used during registration. Go to your Sporcle Settings to finish the process.

Report this User

Report this user for behavior that violates our Community Guidelines.

Details: